000 00889nam0a2200277 4500
001 RU\NLR\BIBL_A\012372426
005 20250624021611.0
010 _915000
035 _a(NLR Aleph) 012372426
090 _a13301430
_c13301430
100 _a20201008d1966 |||y0rusy50 ca
101 0 _aaze
102 _aAZ
105 _aa z 000 y
181 0 _ai
_baxxe
182 0 _an
200 1 _aО jана ҝетмә
_gхуд. Елчин
203 _aТекст
_bвизуальный
_cнепосредственный
210 _aБакы
_cАзәрнәшр
_d1966
215 _a[12] с.
_cшәк.
_d29
541 1 _aЕхали, да ехали
_eазербайджанские народные детские прибаутки, считалки, скороговорки
_zrus
702 1 _aЕлчин
852 _aNLR
_bОНЛ
_jАзерб./5-3
942 _cBOOK
980 _aNB